000 00564nam a2200193 i 4500
001 104008
003 ES-MaACL
007 t|
008 051122s1926 fr ||||1| fre d
100 1 _aMeyerson, Emile.
_980815
245 1 0 _aIdentité et réalité /
_cpar Emile Meyerson.
250 _a3ª ed.
260 _aParis :
_bFélix Alcan,
_c1926.
300 _aXIX, 571 p. ;
_c23 cm.
490 1 _aBibliothèque de philosophie contemporaine
830 0 _aBibliothèque de philosophie contemporaine
_9181027
852 _aES-MaACL
_jB-6876
999 _c104008
_d104008